| 000 | 00389nam a2200169Ia 4500 | ||
|---|---|---|---|
| 008 | 210210b1929 xxu||||| |||| 00| 0 eng d | ||
| 041 | _aeng | ||
| 082 | _a821/271 | ||
| 100 | _aHALES (J W) | ||
| 245 | _aLonger english poems | ||
| 260 |
_aLondon _bPhoenix books _c1929 |
||
| 650 | _apoems | ||
| 650 | _aLonger | ||
| 650 | _aenglish | ||
| 690 | _aEnglish Literature | ||
| 906 | _a011440 | ||
| 999 |
_c130117 _d130117 |
||